| 000 -LEADER |
| fixed length control field |
01142cam a2200277 i 4500 |
| 001 - CONTROL NUMBER |
| control field |
20623217 |
| 005 - DATE AND TIME OF LATEST TRANSACTION |
| control field |
20221108134338.0 |
| 008 - FIXED-LENGTH DATA ELEMENTS--GENERAL INFORMATION |
| fixed length control field |
180722s2019 nyu b 001 0 eng c |
| 020 ## - INTERNATIONAL STANDARD BOOK NUMBER |
| International Standard Book Number |
9781462536375x |
| 041 ## - LANGUAGE CODE |
| Language code of text/sound track or separate title |
eng |
| 080 ## - UNIVERSAL DECIMAL CLASSIFICATION NUMBER |
| Universal Decimal Classification number |
376 L- 44 |
| 245 10 - TITLE STATEMENT |
| Title |
Learning disabilities : |
| Remainder of title |
from identification to intervention / |
| Statement of responsibility, etc. |
Jack M. Fletcher, G. Reid Lyon, Lynn S. Fuchs, Marcia A. Barnes. |
| 250 ## - EDITION STATEMENT |
| Edition statement |
Second edition. |
| 264 #1 - PRODUCTION, PUBLICATION, DISTRIBUTION, MANUFACTURE, AND COPYRIGHT NOTICE |
| Place of production, publication, distribution, manufacture |
New York : |
| Name of producer, publisher, distributor, manufacturer |
The Guilford Press, |
| Date of production, publication, distribution, manufacture, or copyright notice |
2019. |
| 300 ## - PHYSICAL DESCRIPTION |
| Extent |
418 pages ; |
| Dimensions |
26 cm. |
| 653 ## - INDEX TERM--UNCONTROLLED |
| keyword |
სწავლის უნარის შეზღუდვა |
| 653 ## - INDEX TERM--UNCONTROLLED |
| keyword |
Нарушения обучаемости |
| 653 ## - INDEX TERM--UNCONTROLLED |
| keyword |
პედაგოგიკა |
| 653 ## - INDEX TERM--UNCONTROLLED |
| keyword |
Педагогика |
| 700 1# - ADDED ENTRY--PERSONAL NAME |
| Personal name |
Lyon, G. Reid, |
| Relator term |
ავტორი |
| 9 (RLIN) |
12039 |
| 700 1# - ADDED ENTRY--PERSONAL NAME |
| Personal name |
Fuchs, Lynn, |
| Relator term |
ავტორი |
| 9 (RLIN) |
12040 |
| 700 1# - ADDED ENTRY--PERSONAL NAME |
| Personal name |
Barnes, Marcia A., |
| Dates associated with a name |
|
| Relator term |
ავტორი |
| 9 (RLIN) |
12041 |
| 700 1# - ADDED ENTRY--PERSONAL NAME |
| Personal name |
Fletcher,Jack M. |
| Dates associated with a name |
ავტორი |
| 9 (RLIN) |
12081 |
| 856 ## - ELECTRONIC LOCATION AND ACCESS |
| Uniform Resource Identifier |
https://books.google.ge/books?id=RhpKDwAAQBAJ&pg=PA44&source=gbs_selected_pages&cad=2#v=onepage&q&f=false |
| Link text |
ელ. ვერსია |
| 942 ## - ADDED ENTRY ELEMENTS (KOHA) |
| Source of classification or shelving scheme |
|
| Koha item type |
წიგნი |